书目信息 |
| 题名: |
建筑工程安全生产技术与管理实务
|
|
| 作者: | 刘世岩 主编 | |
| 分册: | ||
| 出版信息: | 北京 中国建筑工业出版社 2017.05 |
|
| 页数: | 140页 | |
| 开本: | 26cm | |
| 丛书名: | ||
| 单 册: | ||
| 中图分类: | TU714.2 | |
| 科图分类: | ||
| 主题词: | 建筑工程--安全生产--岗位培训--教材 | |
| 电子资源: | ||
| ISBN: | 978-7-112-20361-1 | |
| 000 | 01023nam0 2200265 450 | |
| 001 | 1016499 | |
| 005 | 20190311082851.50 | |
| 010 | @a978-7-112-20361-1@dCNY29.00 | |
| 098 | @a1016499 | |
| 100 | @a20171025d2017 em y0chiy50 ea | |
| 101 | 0 | @achi |
| 102 | @aCN@b110000 | |
| 105 | @ay z 000yy | |
| 200 | 1 | @a建筑工程安全生产技术与管理实务@Ajian zhu gong cheng an quan sheng chan ji shu yu guan li shi wu@e建筑安装工程@f中国安装协会组织编写 |
| 210 | @a北京@c中国建筑工业出版社@d2017.05 | |
| 215 | @a140页@d26cm | |
| 300 | @a全国安全员岗位培训教材 | |
| 314 | @a主编:刘世岩 | |
| 330 | @a本书是中国安装协会组织国内多家大型安装企业组织编写的安全生产便携手册,内容主要分两部分,第一部分建筑机电工程施工安全技术与管理通用要求;第二部分专业工程施工安全技术与管理要求。 | |
| 517 | 1 | @a建筑安装工程@Ajian zhu an zhuang gong cheng |
| 606 | 0 | @a建筑工程@x安全生产@x岗位培训@j教材 |
| 690 | @aTU714.2@v5 | |
| 701 | 0 | @a刘世岩@Aliu shi yan@4主编 |
| 801 | 0 | @aCN@c20171025 |
| 905 | @a河南城建学院图书馆@dTU714.2@eZ552@f2 | |
| 建筑工程安全生产技术与管理实务:建筑安装工程/中国安装协会组织编写.-北京:中国建筑工业出版社,2017.05 |
| 140页;26cm |
| 全国安全员岗位培训教材 |
| ISBN 978-7-112-20361-1:CNY29.00 |
| 本书是中国安装协会组织国内多家大型安装企业组织编写的安全生产便携手册,内容主要分两部分,第一部分建筑机电工程施工安全技术与管理通用要求;第二部分专业工程施工安全技术与管理要求。 |
| ● |
| 相关链接 |
|
|
|
正题名:建筑工程安全生产技术与管理实务
索取号:TU714.2/Z552
 
预约/预借
| 序号 | 登录号 | 条形码 | 馆藏地/架位号 | 状态 | 备注 |
| 1 | 1244304 | 212443042 | 建筑库201/201建筑库 27排2列2层/ [索取号:TU714.2/Z552] | 在馆 | |
| 2 | 1345086 | 213450861 | 建筑库201/201建筑库 27排2列2层/ [索取号:TU714.2/Z552] | 在馆 | |
| 3 | 1345087 | 213450870 | 建筑库201/201建筑库 27排2列2层/ [索取号:TU714.2/Z552] | 在馆 |